Statistics for Top 20 Castles in Japan

Click here to take the quiz!

General Stats

  • This quiz has been taken 55 times
  • The average score is 10 of 20

Answer Stats

RankingPrefectureCastle% Correct
1HyogoHimeji Castle
83%
9KumamotoKumamoto Castle
80%
19OsakaOsaka Castle
80%
12TokyoEast Gardens of the Imperial Palace
73%
2NaganoMatsumoto Castle
70%
3EhimeMatsuyama Castle
63%
5KyotoNijo Castle
60%
18OitaOka Castle Ruins
57%
15KochiKochi Castle
53%
6ShimaneMatsue Castle
50%
11SagaNagoya Castle Ruins
50%
14OkinawaShuri Castle
50%
17KagawaMarugame Castle
37%
20EhimeUwajima Castle
30%
16EhimeOzu Castle
27%
4OkayamaBitchu-Matsuyama Castle
23%
13GifuGujo Hachiman Castle
20%
7OkinawaKatsuren Castle Ruins
17%
8OkinawaNakijin Castle Ruins
17%
10OkinawaNakagusuku Castle Ruins
13%

Score Distribution

Percentile by Number Answered

Percent of People with Each Score

Your Score History

You have not taken this quiz